000 00299nam a22001337a 4500
008 170306b xxu||||| |||| 00| 0 eng d
020 _a9780781775250
041 _aeng
080 _26 ED
_a611
100 _a6
101 _aSHM
245 _aCLINICALLY ORIENTED ANATOMY
_cMOORE.K.L
942 _2udc
_cBK
999 _c6834
_d6834